Riadenie kreditného rizika v rámci Basel II

Definícia úverového rizika. Snaha bánk a finančných inštitúcií merať úverové riziko čo najpresnejšie a riadiť ho čo najlepšie. Vytváranie a zdokonaľovanie úverových modelov. Riadenie úverového rizika. Koordinácia v oblasti riadenia bankového rizika. Dohoda Basel II a jej tri piliere. Implementácia B...

Description complète

Enregistré dans:
Détails bibliographiques
Auteur principal: Klimiková, Mária
Autres auteurs: Nemšáková, Ivana
Format: Chapitre de livre
Langue:slovaque
Sujets:
Tags: Ajouter un tag
Pas de tags, Soyez le premier à ajouter un tag!

MARC

LEADER 00000naa$a2200000$$$4500
001 0099352
005 20240502072108.4
041 0 |a slo 
044 |a SK 
245 1 0 |a Riadenie kreditného rizika v rámci Basel II  |c Mária Klimiková, Ivana Nemšáková 
520 |a Definícia úverového rizika. Snaha bánk a finančných inštitúcií merať úverové riziko čo najpresnejšie a riadiť ho čo najlepšie. Vytváranie a zdokonaľovanie úverových modelov. Riadenie úverového rizika. Koordinácia v oblasti riadenia bankového rizika. Dohoda Basel II a jej tri piliere. Implementácia Basel II a prispôsobenie sa požiadavkám. 
610 2 0 |a úver 
610 2 0 |a riziko úverové 
610 2 0 |a banky 
610 2 0 |a trh finančný 
610 2 0 |a riadenie rizík 
610 2 0 |a dohody medzinárodné 
610 2 0 |a primeranosť kapitálová 
610 2 0 |a dohľad bankový 
100 1 |a Klimiková, Mária 
700 1 |a Nemšáková, Ivana